| 000 | 00527nam a2200193Ia 4500 | ||
|---|---|---|---|
| 003 | OSt | ||
| 005 | 20250214114509.0 | ||
| 008 | 210210b1942 xxu||||| |||| 00| 0 eng d | ||
| 040 | _cAL | ||
| 041 | _ahin | ||
| 082 | _a868/41 | ||
| 100 |
_aRAMNATH _9199709 |
||
| 110 |
_bरामनाथ _9199710 |
||
| 245 |
_aHamare netha aur nirmatha: _bहमारे नेता और निर्माता |
||
| 260 |
_aAllahabad _bSadhana Sadhan _c1942 |
||
| 690 |
_aBiography _9199711 |
||
| 906 | _a023766 | ||
| 942 |
_2ddc _cBK |
||
| 999 |
_c148731 _d148731 |
||